[Event "Olympiad Women-45"]
[Site "Budapest"]
[Date "2024.09.22"]
[Round "11.2"]
[White "Alazemi, Aisha"]
[Black "Muratet Carmona, Julia"]
[Result "0-1"]
[WhiteElo "1547"]
[BlackElo "1816"]
[PlyCount "130"]
[EventDate "2024.09.11"]
[EventType "team-swiss"]
[EventRounds "11"]
[EventCountry "HUN"]
[SourceTitle "EXT 2025"]
[Source "ChessBase"]
[SourceDate "2024.10.14"]
[SourceVersion "1"]
[SourceVersionDate "2024.10.14"]
[SourceQuality "1"]
[WhiteTeam "Kuwait (W)"]
[BlackTeam "Andorra (W)"]
[WhiteTeamCountry "KUW"]
[BlackTeamCountry "AND"]

1. e4 e5 2. Nc3 Nc6 3. Nf3 Nf6 4. Bc4 Bc5 5. 0-0 0-0 6. d3 h6 7. Ne2 d6 8. Be3 Bb6 9. Ng3 Be6 10. Qd2 Bxe3 11. fxe3 Bxc4 12. dxc4 Qd7 13. h3 Qe6 14. b3 a5 15. c3 a4 16. Rfd1 Nd7 17. Qe2 Qg6 18. Nf5 axb3 19. axb3 Nc5 20. Qc2 Ne6 21. Kh2 Qf6 22. b4 Kh7 23. Ra2 Ng5 24. N3h4 Rxa2 25. Qxa2 Nxe4 26. Qc2 g6 27. Qxe4 gxf5 28. Nxf5 Qg6 29. g4 Kh8 30. h4 Ne7 31. Rg1 Rg8 32. Rg2 Nxf5 33. gxf5 Qh5 34. Kh3 Rxg2 35. Kxg2 Qe2+ 36. Kh3 Qf1+ 37. Kh2 Qf2+ 38. Kh3 b6 39. Qa8+ Kh7 40. Qe4 f6 41. Qg4 Qxe3+ 42. Kg2 Qd2+ 43. Kf1 Kh8 44. Qh5 Qf4+ 45. Kg2 Qe4+ 46. Kf2 Qf4+ 47. Kg2 Qe4+ 48. Kg1 Qe3+ 49. Kg2 Qe4+ 50. Kf2 Qf4+ 51. Ke1 Qg3+ 52. Ke2 Kh7 53. c5 bxc5 54. bxc5 d5 55. Qf7+ Qg7 56. Qxd5 Qg4+ 57. Kd3 Qxf5+ 58. Kc4 Qg6 59. Qd7+ Qg7 60. Qxg7+ Kxg7 61. Kd5 Kf7 62. h5 Ke7 63. Kc6 e4 64. Kxc7 e3 65. c6 e2 0-1

[Event "EU-ch Small Nations (Women) 5th"]
[Site "Andorra la Vella"]
[Date "2024.06.26"]
[Round "5"]
[White "Muratet Carmona, Julia"]
[Black "Nevska, Gerda"]
[Result "1/2-1/2"]
[WhiteElo "1834"]
[BlackElo "1872"]
[PlyCount "88"]
[EventDate "2024.06.23"]
[EventType "tourn"]
[EventRounds "9"]
[EventCountry "AND"]
[SourceTitle "CBM 220 Extra"]
[Source "ChessBase"]
[SourceDate "2024.07.31"]
[SourceVersion "1"]
[SourceVersionDate "2024.07.31"]
[SourceQuality "1"]

1. e4 d6 2. d4 g6 3. Nf3 Bg7 4. Bc4 c6 5. 0-0 d5 6. exd5 cxd5 7. Bb3 Nf6 8. Nc3 0-0 9. Bg5 e6 10. Qd2 Nc6 11. Qf4 Nh5 12. Qe3 f6 13. Bh6 Bxh6 14. Qxh6 Ng7 15. g4 Ne7 16. Rae1 Kh8 17. Nh4 g5 18. Ng2 Ng8 19. Qh3 f5 20. f3 f4 21. Re5 Rf6 22. Ne1 Rg6 23. Na4 b6 24. c3 Ba6 25. Rf2 Nh6 26. Bc2 Qf6 27. Bxg6 Qxg6 28. Nc2 Rc8 29. Nb4 Bb5 30. b3 Qb1+ 31. Kg2 Nf7 32. Ree2 Bxa4 33. bxa4 Rxc3 34. Rb2 Qa1 35. Rbc2 Re3 36. Rc8+ Ne8 37. Nc2 Qd1 38. Rxe8+ Kg7 39. Nxe3 fxe3 40. Rf1 Qd2+ 41. Kg3 e2 42. Rb1 e1Q+ 43. Rxe1 Qxe1+ 44. Kg2 Qe2+ 1/2-1/2

[Event "EU-ch Small Nations (Women) 5th"]
[Site "Andorra la Vella"]
[Date "2024.06.23"]
[Round "1"]
[White "Muratet Carmona, Julia"]
[Black "De la Riva Real, Ariadna"]
[Result "0-1"]
[WhiteElo "1834"]
[BlackElo "1774"]
[PlyCount "84"]
[EventDate "2024.06.23"]
[EventType "tourn"]
[EventRounds "9"]
[EventCountry "AND"]
[SourceTitle "CBM 220 Extra"]
[Source "ChessBase"]
[SourceDate "2024.07.31"]
[SourceVersion "1"]
[SourceVersionDate "2024.07.31"]
[SourceQuality "1"]

1. d4 d5 2. Bf4 Nf6 3. e3 e6 4. Nf3 Be7 5. Bd3 0-0 6. Nbd2 b6 7. c3 Nbd7 8. Ne5 Bb7 9. Qb1 h6 10. h4 Nxe5 11. dxe5 Nd7 12. Qd1 f5 13. Rh3 Nc5 14. Be2 Bxh4 15. Bh5 Nd3+ 16. Kf1 Nxf2 17. Qf3 Nxh3 18. Qxh3 Bg5 19. Nf3 Bxf4 20. exf4 Qd7 21. Kg1 Rad8 22. Bg6 Qb5 23. b3 Qc5+ 24. Nd4 Bc8 25. Qd3 Bd7 26. Kf2 Qe7 27. Rh1 Be8 28. Qg3 c5 29. Bxe8 Qxe8 30. Nf3 Kf7 31. Nh4 d4 32. Ng6 Rg8 33. Nh4 dxc3 34. Qxc3 Rd4 35. g3 Qc6 36. Nf3 Rd7 37. Nd2 Qxh1 38. Nc4 g5 39. Nd6+ Ke7 40. Qe3 gxf4 41. Qxf4 Rg4 42. Qe3 Qh2+ 0-1

[Event "Barcelona Sant Marti op-B 17th"]
[Site "Barcelona"]
[Date "2015.07.17"]
[Round "5"]
[White "Garcia Gil, Jose Antonio"]
[Black "Muratet Carmona, Julia"]
[Result "0-1"]
[WhiteElo "1852"]
[BlackElo "1942"]
[PlyCount "60"]
[EventDate "2015.07.13"]
[EventType "swiss"]
[EventRounds "9"]
[EventCountry "ESP"]
[SourceTitle "EXT 2016"]
[Source "ChessBase"]
[SourceDate "2015.10.08"]
[SourceVersion "1"]
[SourceVersionDate "2015.10.08"]
[SourceQuality "1"]

1. d4 Nf6 2. Bg5 Ne4 3. Bh4 d5 4. f3 Nd6 5. e3 Bf5 6. Bd3 c5 7. c3 cxd4 8. exd4 Nc6 9. Ne2 Qb6 10. b3 g6 11. Bg3 Bxd3 12. Qxd3 Nf5 13. Bf2 Bg7 14. 0-0 0-0 15. Na3 Qa5 16. Nc2 e5 17. a3 Rfe8 18. Nb4 e4 19. fxe4 dxe4 20. Qc2 Rac8 21. g4 Ncxd4 22. Nxd4 Nxd4 23. Bxd4 Bxd4+ 24. Kg2 Rxc3 25. Qe2 Rxb3 26. Qc4 Rb2+ 27. Kh3 Qe5 28. Qxf7+ Kh8 29. Qf4 Qxf4 30. Rxf4 Rb3+ 0-1

[Event "Barcelona Sant Marti op-B 17th"]
[Site "Barcelona"]
[Date "2015.07.15"]
[Round "3"]
[White "Fleming, Andrew"]
[Black "Muratet Carmona, Julia"]
[Result "1-0"]
[WhiteElo "2012"]
[BlackElo "1942"]
[PlyCount "49"]
[EventDate "2015.07.13"]
[EventType "swiss"]
[EventRounds "9"]
[EventCountry "ESP"]
[SourceTitle "EXT 2016"]
[Source "ChessBase"]
[SourceDate "2015.10.08"]
[SourceVersion "1"]
[SourceVersionDate "2015.10.08"]
[SourceQuality "1"]

1. e4 e5 2. Nf3 Nc6 3. Bb5 a6 4. Ba4 Nf6 5. 0-0 b5 6. Bb3 Bc5 7. Nxe5 Nxe5 8. d4 Bxd4 9. Qxd4 d6 10. c3 0-0 11. Bg5 c5 12. Qe3 h6 13. Bf4 Ng6 14. Bg3 Re8 15. f3 c4 16. Bc2 Nh5 17. Bf2 f5 18. Rd1 f4 19. Qd4 Qg5 20. Qd5+ Qxd5 21. Rxd5 Re5 22. Rxd6 Rg5 23. h4 Nxh4 24. Bxh4 Re5 25. Rd5 1-0

[Event "Catalunya-ch (Women) 72nd"]
[Site "Barcelona"]
[Date "2014.04.18"]
[Round "2"]
[White "Muratet Carmona, Julia"]
[Black "Marin Benito, Carla"]
[Result "0-1"]
[WhiteElo "1925"]
[BlackElo "2035"]
[PlyCount "54"]
[EventDate "2014.04.18"]
[EventType "swiss"]
[EventRounds "6"]
[EventCountry "ESP"]
[SourceTitle "EXT 2016"]
[Source "ChessBase"]
[SourceDate "2015.10.08"]
[SourceVersion "1"]
[SourceVersionDate "2015.10.08"]
[SourceQuality "1"]

1. e4 e5 2. Nf3 Nc6 3. d4 exd4 4. Bc4 Nf6 5. Ng5 Ne5 6. Bb3 h6 7. f4 hxg5 8. fxe5 Nxe4 9. Bd5 Nc5 10. 0-0 Ne6 11. Qf3 Qe7 12. Bxb7 Bxb7 13. Qxb7 Rd8 14. Nd2 d3 15. Ne4 Nc5 16. Qd5 Nxe4 17. Qxe4 dxc2 18. Be3 Rb8 19. b3 f6 20. Bxa7 Rb5 21. Qxc2 Kd8 22. exf6 Qe5 23. h3 Bd6 24. Rf3 Qxa1+ 25. Kf2 gxf6 26. Re3 Re5 27. Rd3 Qe1+ 0-1

[Event "Catalunya-ch (Women) 71st"]
[Site "Tarragona"]
[Date "2013.03.29"]
[Round "1"]
[White "Muratet Carmona, Julia"]
[Black "Ruiz Font, Elisabet"]
[Result "0-1"]
[WhiteElo "1737"]
[BlackElo "2062"]
[PlyCount "72"]
[EventDate "2013.03.29"]
[EventType "swiss"]
[EventRounds "5"]
[EventCountry "ESP"]
[SourceTitle "EXT 2015"]
[Source "ChessBase"]
[SourceDate "2014.11.20"]
[SourceVersion "1"]
[SourceVersionDate "2014.11.20"]
[SourceQuality "1"]

1. e4 c5 2. Nf3 g6 3. d4 cxd4 4. Nxd4 Nc6 5. c4 Nf6 6. Nc3 d6 7. Be2 Nxd4 8. Qxd4 Bg7 9. b3 0-0 10. Bb2 Qa5 11. 0-0 Be6 12. Rab1 Nd5 13. Qd2 Bxc3 14. Bxc3 Qxc3 15. Qg5 Qf6 16. Qh6 Nc3 17. Rbe1 Nxe4 18. Qe3 Nc5 19. Bf3 a5 20. Rc1 Rab8 21. Rfd1 b5 22. cxb5 Rxb5 23. Rd4 Rb4 24. Rd2 Qf4 25. Qe2 Rfb8 26. g3 Qh6 27. h4 a4 28. bxa4 Rxa4 29. Rdc2 Rxa2 30. Re1 Rxc2 31. Qxc2 Qg7 32. Qd2 Rb2 33. Qa5 Qf6 34. Qa8+ Kg7 35. Rf1 Qd4 36. Qa7 Bc4 0-1

[Event "Catalunya-ch U20"]
[Site "Vila Seca"]
[Date "2011.04.23"]
[Round "7"]
[White "Bardera Gil, Sergi"]
[Black "Muratet Carmona, Julia"]
[Result "1-0"]
[WhiteElo "2025"]
[BlackElo "1682"]
[PlyCount "63"]
[EventDate "2011.04.20"]
[EventType "swiss"]
[EventRounds "8"]
[EventCountry "ESP"]
[SourceTitle "EXT 2012"]
[Source "ChessBase"]
[SourceDate "2011.11.24"]
[SourceVersion "1"]
[SourceVersionDate "2011.11.24"]
[SourceQuality "1"]

1. e4 e5 2. Bc4 Nf6 3. d3 Bc5 4. Nf3 Nc6 5. c3 d6 6. 0-0 0-0 7. h3 h6 8. Re1 Re8 9. Nbd2 Be6 10. Bb5 Bd7 11. Ba4 a6 12. Nf1 Ne7 13. Bb3 Ng6 14. Ng3 Bb6 15. d4 exd4 16. cxd4 Ba5 17. Bd2 Bxd2 18. Qxd2 Bc6 19. Qc2 Qd7 20. e5 dxe5 21. Qxg6 Kf8 22. Qf5 Qxf5 23. Nxf5 Bxf3 24. gxf3 exd4 25. Nxd4 Red8 26. Rad1 Nh5 27. Nf5 Rxd1 28. Rxd1 Nf6 29. Rc1 Rc8 30. Nd6 Rd8 31. Nxf7 Rd7 32. Ne5 1-0

[Event "Girona-ch U18"]
[Site "Girona"]
[Date "2009.01.10"]
[Round "1"]
[White "Lillo Castany, Victor"]
[Black "Muratet Carmona, Julia"]
[Result "1-0"]
[WhiteElo "2212"]
[BlackElo "1670"]
[PlyCount "45"]
[EventDate "2009.01.10"]
[EventType "swiss"]
[EventRounds "6"]
[EventCountry "ESP"]
[SourceTitle "EXT 2011"]
[Source "ChessBase"]
[SourceDate "2010.11.26"]
[SourceVersion "1"]
[SourceVersionDate "2010.11.26"]
[SourceQuality "1"]

1. e4 e5 2. Nf3 Nc6 3. d4 exd4 4. Bc4 Bb4+ 5. c3 dxc3 6. 0-0 cxb2 7. Bxb2 f6 8. e5 Qe7 9. Nc3 Bxc3 10. Bxc3 fxe5 11. Nxe5 Nxe5 12. Bxe5 d6 13. Bb2 Kd8 14. Re1 Qf8 15. Re3 Nf6 16. Qe2 Bd7 17. Re1 Be8 18. Re7 a6 19. Qe3 b5 20. Bb3 a5 21. Qg5 Qxe7 22. Rxe7 Kxe7 23. Qxg7+ 1-0

[Event "Gironi-ch A"]
[Site "Sant Gregori"]
[Date "2007.10.14"]
[Round "2.8"]
[White "Muratet Carmona, Julia"]
[Black "Pruja Ramirez de Cartagena, Marc"]
[Result "0-1"]
[WhiteElo "1682"]
[BlackElo "2002"]
[PlyCount "76"]
[EventDate "2007.10.07"]
[EventType "swiss"]
[EventRounds "8"]
[EventCountry "ESP"]
[SourceTitle "EXT 2024"]
[Source "ChessBase"]
[SourceDate "2023.10.10"]
[SourceVersion "1"]
[SourceVersionDate "2023.10.10"]
[SourceQuality "1"]

1. e4 c5 2. Nf3 d6 3. Nc3 Nf6 4. d4 cxd4 5. Nxd4 a6 6. Bd3 e5 7. Nf3 Be7 8. 0-0 0-0 9. Be3 b5 10. Nd5 Nxd5 11. exd5 f5 12. Ne1 e4 13. Be2 f4 14. Bd4 Bf6 15. c3 f3 16. Nxf3 exf3 17. Bxf3 Nd7 18. Be2 Bxd4 19. Qxd4 Qf6 20. Qxf6 Nxf6 21. c4 bxc4 22. Bxc4 Bb7 23. Rad1 Rac8 24. Rd4 Rfe8 25. f4 Rc7 26. Rf2 Re4 27. Rxe4 Nxe4 28. Rc2 Nd2 29. Rxd2 Rxc4 30. g3 Rc5 31. Kf2 Rxd5 32. Rxd5 Bxd5 33. a3 Kf7 34. Ke3 Ke6 35. Kd4 Bc6 36. b3 Kf5 37. h3 h5 38. Ke3 Bg2 0-1

[Event "ESP-ch U12"]
[Site "Linares"]
[Date "2007.07.11"]
[Round "6"]
[White "Muratet Carmona, Julia"]
[Black "Escudero Manzano, Alejandro"]
[Result "1/2-1/2"]
[WhiteElo "1431"]
[BlackElo "1763"]
[PlyCount "94"]
[EventDate "2007.07.08"]
[EventType "swiss"]
[EventRounds "9"]
[EventCountry "ESP"]
[SourceTitle "EXT 2008"]
[Source "ChessBase"]
[SourceDate "2007.11.25"]
[SourceVersion "1"]
[SourceVersionDate "2007.11.25"]
[SourceQuality "1"]

1. e4 e5 2. Nf3 Nf6 3. Nc3 Nc6 4. Bb5 Bb4 5. 0-0 0-0 6. d3 d6 7. h3 h6 8. a3 Bxc3 9. bxc3 Bd7 10. Bxc6 Bxc6 11. Nh2 d5 12. f3 Qd6 13. Qe1 Rfe8 14. Bd2 Nh7 15. Qg3 Bd7 16. exd5 Nf6 17. c4 Nh5 18. Qh4 Qg6 19. Ng4 f5 20. Nf2 Ng3 21. Rfe1 f4 22. Ne4 Nf5 23. Qg4 Qf7 24. Nc5 Bc8 25. Bxf4 exf4 26. Rxe8+ Qxe8 27. Qxf4 Qe3+ 28. Qxe3 Nxe3 29. Rc1 b6 30. Ne4 Bd7 31. d6 c5 32. c3 Nf5 33. g4 Nh4 34. Kf2 Kf7 35. Kg3 Ng6 36. d4 Rc8 37. dxc5 bxc5 38. Rb1 Ke8 39. Rb7 Ne5 40. Nd2 a5 41. Ra7 a4 42. Kf4 Nf7 43. Ne4 g5+ 44. Ke3 Ne5 45. Nd2 Nf7 46. Ne4 Ne5 47. Nd2 Nf7 1/2-1/2